| 000 -ლიდერი |
| ფიქსირებული სიგრძის საკონტროლო ველი |
01146nam a22002177a 4500 |
| 003 - საკონტროლო ნომრის იდენტიფიკატორი |
| საკონტროლო ველი |
Ge_BSU |
| 005 - ბოლო ოპერაციის თარიღი და დრო |
| საკონტროლო ველი |
20210325133015.0 |
| 008 - ფიქსირებული სიგრძის მონაცემთა ელემენტები - ზოგადი ინფორმაცია |
| ფიქსირებული სიგრძის საკონტროლო ველი |
191119s2018 ||||| |||| 00| 0 geo d |
| 020 ## - წიგნის საერთაშორისო სტანდარტული ნომერი |
| International Standard Book Number |
9789941952295 |
| 041 ## - ენის კოდი |
| Language code of text/sound track or separate title |
geo |
| 080 ## - უნივერსალური ათობითი კლასიფიკაციის ინდექსი |
| Universal Decimal Classification number |
004.738.5 ბ-52 |
| 100 ## - მთავარი ჩანაწერი - პიროვნების სახელი |
| Personal name |
ბერიძე, ნათია. |
| 9 (RLIN) |
5440 |
| 245 ## - ცნობა სათაურის შესახებ |
| Title |
ინტერნეტ მარკეტინგის განვითარების თავისებურებები საქართველოში: |
| Remainder of title |
პრობლემები და პერსპექტივები მონოგრაფია / |
| Statement of responsibility, etc |
ნათია ბერიძე ; რედ. გელა მამულაძე. |
| 300 ## - ფიზიკური აღწერა |
| Extent |
210 გვ.: |
| Other physical details |
ცხრ. |
| Dimensions |
20 სმ. |
| 504 ## - BIBLIOGRAPHY, ETC. NOTE |
| Bibliography, etc |
ბიბლიოგრ. გვ. 185-197 |
| 520 ## - SUMMARY, ETC. |
| Summary, etc |
რეზიუმე ინგლ. ენ. |
| 653 ## - INDEX TERM--UNCONTROLLED |
| Uncontrolled term |
ინტერნეტ მომსახურება |
| 653 ## - INDEX TERM--UNCONTROLLED |
| Uncontrolled term |
საინფორმაციო ტექნოლოგიები |
| 700 ## - ADDED ENTRY--PERSONAL NAME |
| Personal name |
მამულაძე, გელა |
| Relator term |
რედაქტორი |
| 9 (RLIN) |
5441 |
| 942 ## - ADDED ENTRY ELEMENTS (KOHA) |
| Source of classification or shelving scheme |
|
| Koha item type |
წიგნი |